| 000 | 00714nam a2200169 4500 | ||
|---|---|---|---|
| 999 |
_c5993 _d5993 |
||
| 008 | 161208b xxu||||| |||| 00| 0 eng d | ||
| 022 | _a00223514 | ||
| 082 | _aDPer 155.205 J82 Feb- Apr 2016 v. 110, n. 2 - 4 | ||
| 100 |
_918189 _aWalker, Mirella |
||
| 245 |
_aChanging the personality of a face: _bperceived big two and big five personality factors modeled in real photographs/ _cMirella Walker and Thomas Vetter. |
||
| 260 |
_aWashington DC: _bAmerican Psychological Association, _c©Feb-Apr 2016. |
||
| 300 |
_av110 n4, pages 609-624; _b _c11 cm. |
||
| 500 | _aJournal of personality and social psychology. | ||
| 650 | 0 |
_919820 _aPersonal appearance |
|
| 700 |
_918191 _aVetter, Thomas _eAuthor |
||
| 942 |
_2ddc _cPER |
||